000 00749nab a2200229u 4500
001 12438
003 HDC
007 c| |||a|c|aaaa
008 210209b99999999my ||||o |||| 00| 0 eng d
040 _aHDC
245 0 _aSMEs Ready To Capitalise On TPP - SME Corp
336 _atext
_2rdacontent
337 _acomputer
_2rdamedia
338 _aonline resource
_2rdacarrier
650 _aASEAN Free Trade Area (AFTA)
_913037
650 _asmall and medium enterprises (SMEs)
_9135
710 _aMalaysian Digest
856 _zRequest full-text at [email protected]
942 _2lcc
942 _cNEWS
942 _kNWS0 001022
999 _c9761
_d9761